000 00549nam a2200193Ia 4500
005 20250508154729.0
008 008 250505s9999 xx 000 0 eng d
037 _aTextual
040 _aFEDL
_beng
_cFEDL
041 _aeng
_2eng
084 _a301.4, MOO
_qFEDL
100 _aMoore Wilbert E.
245 0 _aOrder and change: Essays in comparative sociology
260 _aNew York, USA
_bJohn Wiley and Sons, Inc.
_c1967
300 _aviii,313p
650 _aSociology
942 _cTEXL
_h301.4, MOO
999 _c1351838
_d1351838